Οργάνωσις Προσωπικού / Οδηγός Επιστημονικής Μελέτης Προγραμματισμού και εφαρμογής Συστημάτων οργανώσεως και Αναδιοργανώσεως των διοικητικών Υπηρεσιών - δι'όλους τους Επιχειρηματιας, Προισταμένους Κλαδων, Τμημάτων και τους Ειδικούς Οργανωτάς Προσωπικού. (Record no. 910)
[ view plain ]
| 000 -LEADER | |
|---|---|
| fixed length control field | 01992cam a22002054a 4500 |
| 005 - ΗΜΕΡΟΜΗΝΙΑ ΚΑΙ ΩΡΑ ΤΕΛΕΥΤΑΙΑΣ ΕΝΗΜΕΡΩΣΗΣ | |
| Πεδίο ελέγχου | 20250605163949.0 |
| 008 - FIXED-LENGTH DATA ELEMENTS--GENERAL INFORMATION | |
| Πεδίο ελέγχου σταθερού μήκους | 250528s ||||||||||||||||||||||||d |
| 035 ## - SYSTEM CONTROL NUMBER | |
| System control number | 15320 |
| 040 ## - ΠΗΓΗ ΚΑΤΑΛΟΓΟΓΡΑΦΗΣΗΣ | |
| Φορέας πρωτότυπης καταλογογράφησης | MC Athens Campus Library |
| Γλώσσα καταλογογράφησης | Ελληνικά, Μοντέρνα (1453-) |
| Modifying agency | MC Athens Campus Library |
| Κανόνες περιγραφικής καταλογογράφησης | AACR2 |
| 245 1# - ΤΙΤΛΟΣ ΚΑΙ ΔΗΛΩΣΗ ΥΠΕΥΘΥΝΟΤΗΤΑΣ | |
| Τίτλος | Οργάνωσις Προσωπικού / Οδηγός Επιστημονικής Μελέτης Προγραμματισμού και εφαρμογής Συστημάτων οργανώσεως και Αναδιοργανώσεως των διοικητικών Υπηρεσιών - δι'όλους τους Επιχειρηματιας, Προισταμένους Κλαδων, Τμημάτων και τους Ειδικούς Οργανωτάς Προσωπικού. |
| 250 ## - EDITION STATEMENT | |
| Edition statement | 1η |
| 260 ## - PUBLICATION, DISTRIBUTION, ETC. | |
| Name of publisher, distributor, etc. | Hellenews - Παιδεία, |
| Date of publication, distribution, etc. | 1970 |
| 300 ## - PHYSICAL DESCRIPTION | |
| Extent | 142 |
| 505 0# - FORMATTED CONTENTS NOTE | |
| Formatted contents note | Σε Ποιόν Πρέπει να Ανατεθεί η Ορθολογική Οργάνωσις, Η Οικονομικότης της Ορθολογικοποιήσεως, Οι Αντιδράσεις Κατά της Ορθολογικοποιήσεως, Η Μεθοδική Εργασία Μελέτης και Προγραμματισμού, Τα Κύρια Σημεία για την Μελέτη και τον Προγραμματισμό, Οι Διάφορες Πρακτικές Φάσεις της Ορθολογικοποιήσεως. |
| 520 ## - SUMMARY, ETC. | |
| Summary, etc. | Σε Ποιόν Πρέπει να Ανατεθεί η Ορθολογική Οργάνωσις, Η Οικονομικότης της Ορθολογικοποιήσεως, Οι Αντιδράσεις Κατά της Ορθολογικοποιήσεως, Η Μεθοδική Εργασία Μελέτης και Προγραμματισμού, Τα Κύρια Σημεία για την Μελέτη και τον Προγραμματισμό, Οι Διάφορες Πρακτικές Φάσεις της Ορθολογικοποιήσεως. |
| 700 1# - ΠΡΟΣΘΕΤΗ ΑΝΑΓΡΑΦΗ--ΦΥΣΙΚΟ ΠΡΟΣΩΠΟ | |
| Personal name | Bohrs Herman |
| 9 (RLIN) | 1220 |
| 942 ## - ADDED ENTRY ELEMENTS (KOHA) | |
| Koha item type | Books |
| Τύπος τεκμηρίου | Βιβλιοθήκη | Τρέχουσα τοποθεσία | Barcode | Αριθμός εισαγωγής | Ημερομηνία απόκτησης | Ταξιθετικό σύμβολο | Αριθμός αντιτύπου | Κατάσταση απόσυρσης | Κατάσταση χαμένου | Κατάσταση κατεστραμμένου | Μη δανεισμός | Σύνολο δανεισμών | Ημερομηνία τελευταίας εμφάνισης | Η τιμή ισχύει από |
|---|---|---|---|---|---|---|---|---|---|---|---|---|---|---|
| Books | MC Athens Campus Library | MC Athens Campus Library | 9780000009098 | 1568 | 05/06/2025 | 658.3 BOH | 1 | 05/06/2025 | 05/06/2025 |